Reorganizaciones empresariales libres de impuestos (Registro nro. 1343)
[ vista simple ]
| 000 -LEADER | |
|---|---|
| fixed length control field | 01536 a2200229 4500 |
| 001 - CONTROL NUMBER | |
| control field | 25236 |
| 005 - DATE AND TIME OF LATEST TRANSACTION | |
| control field | 20260407155536.0 |
| 008 - FIXED-LENGTH DATA ELEMENTS--GENERAL INFORMATION | |
| fixed length control field | 260407a1984 arg spa d |
| 003 - CONTROL NUMBER IDENTIFIER | |
| control field | AR-UNSa-BCEJYS |
| 040 ## - CATALOGING SOURCE | |
| Original cataloging agency | AR-UNSa-BCEJYS |
| Language of cataloging | spa |
| Transcribing agency | AR-UNSa-BCEJYS |
| 080 ## - UNIVERSAL DECIMAL CLASSIFICATION NUMBER | |
| Universal Decimal Classification number | 347.72.04 |
| Common auxiliary subdivision | Modificación legal de las condiciones de la sociedad. Extinción. Disolución. Liquidación. Reconstitución. Fusión |
| 020 ## - INTERNATIONAL STANDARD BOOK NUMBER | |
| International Standard Book Number | 950-527-013-3 |
| 041 ## - LANGUAGE CODE | |
| Language code of text/sound track or separate title | spa |
| 100 1# - MAIN ENTRY--PERSONAL NAME | |
| Personal name | Asorey, Rubén Oscar |
| 245 10 - TITLE STATEMENT | |
| Title | Reorganizaciones empresariales libres de impuestos |
| 264 #1 - PRODUCTION, PUBLICATION, DISTRIBUTION, MANUFACTURE, AND COPYRIGHT NOTICE | |
| Place of production, publication, distribution, manufacture | Buenos Aires : |
| Name of producer, publisher, distributor, manufacturer | La Ley |
| Date of production, publication, distribution, manufacture, or copyright notice | 1984 |
| 300 ## - PHYSICAL DESCRIPTION | |
| Extent | 176 p. |
| Dimensions | 24 cm. |
| 505 ## - FORMATTED CONTENTS NOTE | |
| Formatted contents note | 1. La reorganización empresaria - 2. La fusión - 3. La división o escisión de empresas - 4. Ventas y transferencias en conjunto económico - 5. La transformación societaria como acto fiscal de reorganización - 6. Traslado de los derechos y obligaciones fiscales - 7. La reorganización empresaria frente a otros impuestos nacionales - 8. La reorganización empresaria frente a los gravamenes locales - 9. Efectivización de los beneficios fiscales - 10. Otros efectos de la reorganización - 11. Reorganizaciones empresariales libres de impuestos a nivel internacional - 12. Reorganizaciones empresariales libres de impuestos en el derecho comparado - Apéndice. |
| 590 ## - LOCAL NOTE (RLIN) | |
| Local note | niveau_biblio:m niveau_hierar:0 |
| 856 41 - ELECTRONIC LOCATION AND ACCESS | |
| Uniform Resource Identifier | <a href="https://biblioeco.unsa.edu.ar/pmb/images/libros/Reorganizaciones empresariales libres de impuestos Asorey, Rub?n O. (1984).jpg">https://biblioeco.unsa.edu.ar/pmb/images/libros/Reorganizaciones empresariales libres de impuestos Asorey, Rub?n O. (1984).jpg</a> |
| Link text | Imagen de portada |
| Electronic format type | image/jpeg |
| 942 ## - ADDED ENTRY ELEMENTS (KOHA) | |
| Koha item type | |
| Withdrawn status | Lost status | Damaged status | Not for loan | Home library | Current library | Shelving location | Date acquired | Total checkouts | Full call number | Barcode | Date last seen | Price effective from | Koha item type |
|---|---|---|---|---|---|---|---|---|---|---|---|---|---|
| Biblioteca Prof. Eusebio Cleto del Rey | Biblioteca Prof. Eusebio Cleto del Rey | 07/04/2026 | 347.72.04 A837 | L44380 | 07/04/2026 | 07/04/2026 | Libro |